| 000 | 00509nam a22002057a 4500 | ||
|---|---|---|---|
| 005 | 20250207142044.0 | ||
| 008 | 220310b1991 xxu||||| |||| 00| 0 spa d | ||
| 020 | _a9506200149 | ||
| 041 | _aESP | ||
| 082 | _aR 340.03 O84d | ||
| 100 | _aOssorio, Manuel | ||
| 245 | _aDiccionario de Ciencias Jurídicas Políticas y Sociales | ||
| 260 | _aArgentina | ||
| 260 | _bEditorial Heliasta | ||
| 260 | _c1991 | ||
| 300 | _a798 páginas | ||
| 650 | _aDICCIONARIOS | ||
| 650 | _aDERECHO | ||
| 942 |
_cREF _2ddc |
||
| 999 |
_c13236 _d13236 |
||